PHYSICAL DIAGNOSIS / (Record no. 794792)

MARC details
000 -LEADER
fixed length control field 00506pam a2200205 a 4500
020 ## - INTERNATIONAL STANDARD BOOK NUMBER
Terms of availability 385.00 (PB)
041 ## - LANGUAGE CODE
Language code of text/sound track or separate title eng
Language code of original NULL
082 ## - DEWEY DECIMAL CLASSIFICATION NUMBER
Classification number 612
Item number GOL/VIK
100 ## - MAIN ENTRY--PERSONAL NAME
Personal name VIKAL, R .
245 ## - TITLE STATEMENT
Title PHYSICAL DIAGNOSIS /
Statement of responsibility, etc. NULL.
Medium Textual Documents
260 ## - PUBLICATION, DISTRIBUTION, ETC.
Place of publication, distribution, etc. NULL :
Name of publisher, distributor, etc. MEDIA PROMOTERS & PUB.LTD. ,
Date of publication, distribution, etc. 2004.
300 ## - PHYSICAL DESCRIPTION
Extent 576 :
Other physical details X ;
Dimensions A4 .
365 ## - TRADE PRICE
Price type code 385.00
Price note 1
504 ## - BIBLIOGRAPHY, ETC. NOTE
Bibliography, etc. note MEDICINE
653 ## - INDEX TERM--UNCONTROLLED
Uncontrolled term MEDICINE
700 ## - ADDED ENTRY--PERSONAL NAME
Personal name GOLWALA, A .
907 ## - LOCAL DATA ELEMENT G, LDG (RLIN)
a 1270
930 ## - EQUIVALENCE OR CROSS-REFERENCE-UNIFORM TITLE HEADING [LOCAL, CANADA]
Uniform title 256
Holdings
Withdrawn status Lost status Damaged status Not for loan Home library Current library Date acquired Cost, normal purchase price Total Checkouts Full call number Barcode Date last seen Copy number Price effective from Koha item type
        Medical College & Hospital, Sangli Medical College & Hospital, Sangli 28/11/2011 385.00   612 GOL/VIK MCS-1270 26/07/2023 2 26/07/2023 Book
        Medical College & Hospital, Sangli Medical College & Hospital, Sangli 28/11/2011 385.00   612 GOL/VIK MCS-1269 26/07/2023 1 26/07/2023 Book